000 00354nam a22001457a 4500
003 SGT
020 _a938426682-5
082 _a615.1
_bJAD
100 _aJADHAV, DR. KHANDERAO
245 _aPHARMACEUTICAL ENGINEERING PRACTICAL MANUAL
260 _aINDIA
_bBIRLA PUB.
_c2023
300 _a64
650 _aPHARMACEUTICAL ENGINEERING
942 _2ddc
_cBK
999 _c32932
_d32932